[Event "Rhein Main op-B 19th"]
[Site "Bad Homburg"]
[Date "2016.05.29"]
[Round "7"]
[White "Koellner, Aaron Noah"]
[Black "Winckler, Andreas"]
[Result "0-1"]
[WhiteElo "1814"]
[BlackElo "1689"]
[PlyCount "118"]
[EventDate "2016.05.25"]
[EventType "swiss"]
[EventRounds "7"]
[EventCountry "GER"]
[SourceTitle "EXT 2017"]
[Source "ChessBase"]
[SourceDate "2016.10.25"]
[SourceVersion "1"]
[SourceVersionDate "2016.10.25"]
[SourceQuality "1"]

1. d4 Nf6 2. Nf3 g6 3. Nbd2 d5 4. e3 Bg7 5. b4 0-0 6. c4 a5 7. b5 b6 8. a4 Bb7 9. Ba3 Nbd7 10. Qb3 Re8 11. Rc1 Rc8 12. cxd5 Bxd5 13. Bc4 e6 14. 0-0 Bf8 15. Bxf8 Kxf8 16. Rfd1 Qe7 17. e4 Bxe4 18. Nxe4 Nxe4 19. Re1 Nef6 20. d5 Nc5 21. Qa2 Qd6 22. dxe6 fxe6 23. Rcd1 Nd5 24. Ng5 Re7 25. g3 Rce8 26. Nxe6+ Nxe6 27. Bxd5 Nc5 28. Rxe7 Rxe7 29. Qa1 Qe5 30. Qc1 Kg7 31. Qc4 Qe2 32. Qd4+ Qe5 33. Qg4 Qe2 34. Bf3 Qe6 35. Qd4+ Qe5 36. Qd8 Re8 37. Qh4 Re7 38. Bc6 Qe2 39. Qd4+ Qe5 40. Qd8 Qe2 41. Rd4 Rf7 42. Rd2 Qe5 43. Kg2 Re7 44. Qc8 Qe6 45. Qa8 Nxa4 46. Rd4 Nc5 47. Rf4 Qg8 48. Qa7 Qd8 49. h4 Nd3 50. Rf3 Ne5 51. Rc3 Nxc6 52. Rxc6 Qd5+ 53. Kh2 Qe5 54. Kg2 Rf7 55. Qb8 Qe4+ 56. Kh3 Qf5+ 57. Kh2 Qxf2+ 58. Kh3 Qf1+ 59. Kg4 Qf5# 0-1

[Event "Rhein Main op-B 19th"]
[Site "Bad Homburg"]
[Date "2016.05.26"]
[Round "3"]
[White "Bjoerknes, Uwe"]
[Black "Winckler, Andreas"]
[Result "1-0"]
[WhiteElo "1841"]
[BlackElo "1689"]
[PlyCount "47"]
[EventDate "2016.05.25"]
[EventType "swiss"]
[EventRounds "7"]
[EventCountry "GER"]
[SourceTitle "EXT 2017"]
[Source "ChessBase"]
[SourceDate "2016.10.25"]
[SourceVersion "1"]
[SourceVersionDate "2016.10.25"]
[SourceQuality "1"]

1. d4 Nf6 2. c4 g6 3. Nc3 Bg7 4. Nf3 d5 5. e3 0-0 6. Bd2 c6 7. Rc1 Bf5 8. Be2 Re8 9. 0-0 dxc4 10. Bxc4 Bc8 11. a4 Nbd7 12. e4 e5 13. Ng5 Re7 14. Qb3 Qe8 15. d5 Nb6 16. Be2 cxd5 17. exd5 h6 18. d6 Be6 19. Nxe6 Rxe6 20. Bb5 Nbd7 21. Bxd7 Qxd7 22. Nb5 Ne8 23. Nc7 Rc8 24. Nxe6 1-0

[Event "Rhein Main op-B 19th"]
[Site "Bad Homburg"]
[Date "2016.05.25"]
[Round "1"]
[White "Al Butmeh, Firas"]
[Black "Winckler, Andreas"]
[Result "0-1"]
[WhiteElo "1086"]
[BlackElo "1689"]
[PlyCount "84"]
[EventDate "2016.05.25"]
[EventType "swiss"]
[EventRounds "7"]
[EventCountry "GER"]
[SourceTitle "EXT 2017"]
[Source "ChessBase"]
[SourceDate "2016.10.25"]
[SourceVersion "1"]
[SourceVersionDate "2016.10.25"]
[SourceQuality "1"]

1. e4 c5 2. Nf3 Nc6 3. d4 cxd4 4. Nxd4 g6 5. Nc3 Bg7 6. Be3 Nf6 7. Bc4 d6 8. 0-0 0-0 9. h3 Bd7 10. a3 Ne5 11. Bb3 Rc8 12. Qe2 a6 13. Rad1 b5 14. Qd2 Nc4 15. Bxc4 Rxc4 16. Bh6 Rxd4 17. Qxd4 Bxh6 18. f4 Qc8 19. Rd3 Bc6 20. Rf2 Bg7 21. Qe3 Qb7 22. Re2 b4 23. axb4 Qxb4 24. b3 Qb7 25. Kh2 Rc8 26. Kg1 Bf8 27. Kh2 e6 28. Rdd2 Qc7 29. Kh1 Bb7 30. Rd3 Bg7 31. Qf3 d5 32. exd5 exd5 33. Qg3 Nh5 34. Qf2 Bxc3 35. Rf3 d4 36. g4 Bxf3+ 37. Qxf3 Qxf4 38. Qb7 Qf1+ 39. Kh2 Qxe2+ 40. Kg1 Qe3+ 41. Kh2 Qf2+ 42. Kh1 Ng3# 0-1